Biblioteca

Una propuesta para el desarrollo del autoconcepto de la mujer en la cultura costeña / Margarita Orozco (Registro nro. 34757)

Detalles MARC
000 -LÍDER
Campo fijo de descripción fija 006900000a22001570004500
001 - NÚMERO DE CONTROL
Campo de control 4144
100 1# - ASIENTO PRINCIPAL--NOMBRE PERSONAL
Nombre personal Orozco, Margarita
245 10 - TÍTULO
Título del Material Una propuesta para el desarrollo del autoconcepto de la mujer en la cultura costeña / Margarita Orozco
260 ## - PUBLICACIÓN, DISTRIBUCIÓN, ETC. (PIE DE IMPRENTA)
Lugar de publicación, distribución, etc. Medellín, Colombia
300 ## - DESCRIPCIÓN FÍSICA
Extensión 99 Pag
500 ## - NOTA GENERAL
Nota General Tesis (licenciatura)--Seminario Bíblico de Colombia
942 ## - TIPO DE MATERIAL (KOHA)
Tipo de Item KOHA Libros General
Existencias
Estado de Material Estado de Perdido Estado de Dañado No para Préstamo Colección Tomo Biblioteca de Origen Biblioteca Permanente Fecha de Adquisición Total de Préstamos Signatura Topográfica Código de Barras Última vez visto Ejemplar/Existencia Fecha de Remplazo Tipo de Material
        Trabajos de grado   Biblioteca FUSBC Biblioteca FUSBC 06/12/2004   T Or68p 11700 12/12/2019 1 26/01/2016 Trabajos de Grado

Biblioteca FUSBC | Teléfono: (57+4) 349 88 10 Ext. 141| WhatsApp (+57) 3005338115 
E-mail: biblioteca@unisbc.edu.co | Calle 76 87-14 Robledo Palenque, Medellín, Colombia

Con tecnología Koha